000 00678nam a2200181Ia 4500
008 151018s9999 xx 000 0 und d
082 _bRBASDV44220
_a891.463
100 _aचंद्रसेन टिळेकर
245 _aगोष्ट अंधश्रध्देच्या
250 _b1
260 _bअनुबंध प्रकाशन
_c2005
300 _a96
600 _aचंद्रसेन टिळेकर
630 _aगोष्ट अंधश्रध्देच्या
700 _aचंद्रसेन टिळेकर
730 _aगोष्ट अंधश्रध्देच्या
942 _cBOOK
999 _c1043418
_d1043415